Clifford the firehouse dog / (Record no. 3697)
[ view plain ]
| 000 -LEADER | |
|---|---|
| fixed length control field | 01127nam a2200349 a 4500 |
| 001 - CONTROL NUMBER | |
| control field | 3697 |
| 003 - CONTROL NUMBER IDENTIFIER | |
| control field | FISKH |
| 005 - DATE AND TIME OF LATEST TRANSACTION | |
| control field | 20250709095757.0 |
| 008 - FIXED-LENGTH DATA ELEMENTS--GENERAL INFORMATION | |
| fixed length control field | 940927s1994 nyua j 000 1 eng d |
| 010 ## - LIBRARY OF CONGRESS CONTROL NUMBER | |
| LC control number | 94233657 |
| 020 ## - INTERNATIONAL STANDARD BOOK NUMBER | |
| International Standard Book Number | 0590484192 (pbk.) : |
| 020 ## - INTERNATIONAL STANDARD BOOK NUMBER | |
| International Standard Book Number | 9780545215800 |
| 035 ## - SYSTEM CONTROL NUMBER | |
| System control number | (OCoLC)31184938 |
| 040 ## - CATALOGING SOURCE | |
| Original cataloging agency | UM |
| Transcribing agency | UM |
| Modifying agency | DLC |
| Language of cataloging | eng |
| 042 ## - AUTHENTICATION CODE | |
| Authentication code | lccopycat |
| -- | lcac |
| 050 00 - LIBRARY OF CONGRESS CALL NUMBER | |
| Classification number | PZ7.B7633 |
| Item number | Clf 1994 |
| 082 04 - DEWEY DECIMAL CLASSIFICATION NUMBER | |
| Classification number | [E] |
| Edition number | 20 |
| 100 1# - MAIN ENTRY--PERSONAL NAME | |
| Personal name | Bridwell, Norman. |
| 245 10 - TITLE STATEMENT | |
| Title | Clifford the firehouse dog / |
| Statement of responsibility, etc. | Norman Bridwell. |
| 260 ## - PUBLICATION, DISTRIBUTION, ETC. | |
| Place of publication, distribution, etc. | New York : |
| Name of publisher, distributor, etc. | Scholastic, |
| Date of publication, distribution, etc. | 1994. |
| 300 ## - PHYSICAL DESCRIPTION | |
| Extent | 32 unnumbered pages : |
| Other physical details | Color illustrations ; |
| Dimensions | 21 cm |
| 500 ## - GENERAL NOTE | |
| General note | In logo on cover: Clifford, the big red dog. |
| 505 ## - FORMATTED CONTENTS NOTE | |
| Formatted contents note | J |
| 520 ## - SUMMARY, ETC. | |
| Summary, etc. | When Emily Elizabeth and Clifford visit Clifford's brother, Nero, a fire rescue dog, Clifford demonstrates fire safety and helps to put out a fire. |
| 521 8# - TARGET AUDIENCE NOTE | |
| Target audience note | 470<br/> |
| Source | Lexile <br/> |
| 521 8# - TARGET AUDIENCE NOTE | |
| Target audience note | J<br/> |
| Source | Raz-Plus <br/> |
| 650 #1 - SUBJECT ADDED ENTRY--TOPICAL TERM | |
| Topical term or geographic name entry element | Dogs |
| General subdivision | Fiction. |
| 650 #1 - SUBJECT ADDED ENTRY--TOPICAL TERM | |
| Topical term or geographic name entry element | Fire extinction |
| General subdivision | Fiction. |
| 906 ## - LOCAL DATA ELEMENT F, LDF (RLIN) | |
| a | 7 |
| b | cbc |
| c | copycat |
| d | 3 |
| e | ncip |
| f | 19 |
| g | y-gencatlg |
| 942 ## - ADDED ENTRY ELEMENTS (KOHA) | |
| Source of classification or shelving scheme | Dewey Decimal Classification |
| Koha item type | Books |
| Suppress in OPAC | No |
| Withdrawn status | Lost status | Source of classification or shelving scheme | Damaged status | Not for loan | Collection | Home library | Current library | Shelving location | Date acquired | Total Checkouts | Full call number | Barcode | Date last seen | Date last checked out | Copy number | Price effective from | Koha item type |
|---|---|---|---|---|---|---|---|---|---|---|---|---|---|---|---|---|---|
| Dewey Decimal Classification | Juvenile Fiction | Footprints International School Library Network Toul Kork Campus | Footprints International School Library Network Toul Kork Campus | TK Primary Library Room(4th Floor), Bookcase 1&2, Shelves 1-16, Dark Blue Books | 04/12/2024 | 1 | BRI 813.54 PZ7.B7633 | 2024-0488 | 03/13/2025 | 12/20/2024 | 1 | 04/12/2024 | Books | ||||
| Dewey Decimal Classification | Juvenile Fiction | Footprints International School Library Network Toul Kork Campus | Footprints International School Library Network Toul Kork Campus | TK Primary Library Room(4th Floor), Bookcase 1&2, Shelves 1-16, Dark Blue Books | 07/09/2025 | 3 | BRI 813.54 PZ7.B7633 | FISBK072020 | 03/26/2026 | 03/19/2026 | 3 | 07/09/2025 | Books | ||||
| Dewey Decimal Classification | Juvenile Fiction | Footprints International School Library Network Toul Tom Poung Campus | Footprints International School Library Network Toul Tom Poung Campus | TTP Primary Dark Blue Bookshelves | 03/27/2025 | 1 | BRI 813.54 PZ7.B7633 | 2025-0844 | 05/21/2025 | 05/07/2025 | 2 | 03/27/2025 | Books |
